<?xml version="1.0" encoding="UTF-8"?><?xml-stylesheet type="text/xsl" href="static/style.xsl"?><OAI-PMH xmlns="http://www.openarchives.org/OAI/2.0/" xmlns:xsi="http://www.w3.org/2001/XMLSchema-instance" xsi:schemaLocation="http://www.openarchives.org/OAI/2.0/ http://www.openarchives.org/OAI/2.0/OAI-PMH.xsd"><responseDate>2026-04-13T09:59:35Z</responseDate><request verb="GetRecord" identifier="oai:www.recercat.cat:2099.1/10378" metadataPrefix="marc">https://recercat.cat/oai/request</request><GetRecord><record><header><identifier>oai:recercat.cat:2099.1/10378</identifier><datestamp>2025-07-22T20:15:17Z</datestamp><setSpec>com_2072_1033</setSpec><setSpec>col_2072_452951</setSpec></header><metadata><record xmlns="http://www.loc.gov/MARC21/slim" xmlns:dcterms="http://purl.org/dc/terms/" xmlns:xsi="http://www.w3.org/2001/XMLSchema-instance" xmlns:doc="http://www.lyncode.com/xoai" xsi:schemaLocation="http://www.loc.gov/MARC21/slim http://www.loc.gov/standards/marcxml/schema/MARC21slim.xsd">
   <leader>00925njm 22002777a 4500</leader>
   <datafield ind2=" " ind1=" " tag="042">
      <subfield code="a">dc</subfield>
   </datafield>
   <datafield ind2=" " ind1=" " tag="720">
      <subfield code="a">Gómez Wilkinson, Conor</subfield>
      <subfield code="e">author</subfield>
   </datafield>
   <datafield ind2=" " ind1=" " tag="260">
      <subfield code="c">2007-06-17</subfield>
   </datafield>
   <datafield ind2=" " ind1=" " tag="520">
      <subfield code="a">El projecte present es centra en el tractament que reben els residus sorgits en&#xd;
projectes vinculats amb l’eficiència energètica.&#xd;
En primer lloc, faig referència als paràmetres als quals es troben sotmesos&#xd;
aquests processos dintre de la jurisdicció Europea. La Comissió Europea és&#xd;
l’encarregada de definir la normativa, per aquesta raó crea l’organisme Ecodesign que té com a objectiu reduir l’impacte mediambiental de tots els productes emprats en els esmentats projectes.&#xd;
A continuació, analitzo els conceptes inscrits a aquest projecte. Aquests&#xd;
conceptes han estat tractats compaginant la seva vessant general i la seva aplicació a la temàtica en qüestió. Així, no només s’obté un coneixement específic del tema, sinó que s’obté també una visió més global. Al llarg de l’elaboració del projecte s’han anat afegint i extraient apartats. Finalment, he decidit incloure el cicle de vida d’un producte, tant des d’un punt de vista general com econòmic; també, he tingut en compte i he explicat el mètode d’anàlisis&#xd;
híbrid LCA utilitzat per Ecodesign i he analitzat les diferents plantes de&#xd;
tractaments de residus existents, així com el tractament que reben els residus&#xd;
sòlids urbans.&#xd;
Amb la intenció d’aportar una visió més específica del que signifiquen tots&#xd;
aquests conceptes i la seva normativa corresponent, he optat per emprar el&#xd;
camp de la il·luminació, com a exemple per a tractar qüestions com: les diferències existents entre els models considerats eficients i els no eficients, el tractament que reben aquests models al llarg del seu cicle de vida complert, els requisits que Ecodesign considera necessaris per a atorgar la seva distinció Ecolabel i ja per últim, exposo la postura de la Comissió Europea davant les competències de l’Estat respecte al tractament de residus i el procés del&#xd;
tractament dels residus emprat a Catalunya.&#xd;
Finalment, s’han dedicat els últims apartats del projecte a la descripció del procés d’elaboració del mateix; partint de la redacció d’aquest procés, he inclòs&#xd;
les conclusions obtingudes, el motiu d’haver escollit aquest mètode de treball ha&#xd;
estat perquè així, no només s’obtenen unes conclusions globals sinó que aquestes conclusions, fan una referència puntual a cada pas i apartat que presenta l’actual projecte.</subfield>
   </datafield>
   <datafield tag="653" ind2=" " ind1=" ">
      <subfield code="a">Àrees temàtiques de la UPC::Desenvolupament humà i sostenible::Enginyeria ambiental::Tractament dels residus</subfield>
   </datafield>
   <datafield tag="653" ind2=" " ind1=" ">
      <subfield code="a">Àrees temàtiques de la UPC::Desenvolupament humà i sostenible::Política i gestió ambiental::Gestió de residus</subfield>
   </datafield>
   <datafield tag="653" ind2=" " ind1=" ">
      <subfield code="a">Waste management</subfield>
   </datafield>
   <datafield tag="653" ind2=" " ind1=" ">
      <subfield code="a">Residus -- Anàlisi</subfield>
   </datafield>
   <datafield tag="653" ind2=" " ind1=" ">
      <subfield code="a">Residus -- Indústria i comerç -- Gestió</subfield>
   </datafield>
   <datafield ind2="0" ind1="0" tag="245">
      <subfield code="a">Tratamiento de residuos en proyectos de eficiencia energética</subfield>
   </datafield>
</record></metadata></record></GetRecord></OAI-PMH>